000
00249nam a22001217a 4500
005
20171025093902.0
008
171025b xxu||||| |||| 00| 0 eng d
041
_a
eng
082
_a
336.24
245
_a
TAXATION IPCC
300
_a
252p,
942
_c
BK
999
_c
5621
_d
5619